000 00669nam a2200229 i 4500
003 DO-SdBNP
005 20241030090326.0
007 ta
008 241030s1978 dr 000 p spa d
040 _aDO-SdBNP
_bspa
_cBNPHU
_erda
082 _axx
_bS127u
_222
100 _922487
245 1 _aUn martir broto en el cabo :
_bapuntes para una biografía de Jacques Jules Bonnaud 1740-1792
264 _aSanto Domingo :
_bSep-Com,
_c1978
300 _a103 páginas
_c24 cm.
336 _2rdacontent
_atexto
_btxt
337 _2rdamedia
_asin mediación
_bn
338 _2rdacarrier
_avolumen
_bnc
590 _aInventariado, 2024 / DG
910 _aDG
942 _2ddc
_cLBS1
999 _c57940
_d57940